00326nam a22001097a 4500020001800000082001600018100001400034245010700048260004200155300001100197563000800208 a9789698486228 a305.42bAMA aAmatullah aWomen full Human Beings or Less than Men:ba critical exploration of Islam and secularism /cAmatullah aLahore :bAllied Book Company,c2019. a245 p. aPB.